000 00217nam a22000857a 4500
999 _c11006
_d11006
008 180717b ||||| |||| 00| 0 eng d
100 _aRamachandran
_95320
245 _aAPJ Abdul Kalam
260 _aNew Delhi
_bCampfire
_c2016